00603nam a2200217 u 45000010006000000050017000060080041000230350010000640350021000740400013000950410008001080820008001161000032001242450056001562500011002122600044002233000018002676500036002856500033003216500031003546181620260504071907.0960313s1960 spa  a61816 a(OCoLC)644587991 ccomduadb aspa 4a37210aHill, Patty Smith4auteaut10aPrograma de actividades de los jardines de infantes a3. ED. aArgentina :bEditorial Kapelusz,c1960. a135 páginas aJardines infantiles - Programas 7aEducación preescolar2lemb 7aExpresión corporal2lemb